Space Knowledge - Statistics

General Stats
  • This quiz has been taken 3,244 times
  • The average score is 9 of 14
Answer Stats
Hint Answer % Correct
How many planets are there in the Solar System? 8
100%
What is a region of space that not even light can escape? Black Hole
91%
What is the farthest planet from the Sun? Neptune
91%
What planet does the moon "Titan" orbit? Saturn
91%
What is a star explosion called? Supernova
83%
What is the closest galaxy to the Milky Way? Andromeda Galaxy
77%
What was the first man-made satellite called? Sputnik 1
68%
What will the Sun turn into as it starts to die? Red Giant
65%
What will the Sun turn into when it dies? White Dwarf
61%
Who was the first person in space? Yuri Gagarin
60%
What is the brightest star in the night sky? Sirius
45%
How old is the universe? 13.8 Billion
39%
What are planets without a star called? Rogue Planet
32%
What is the name of the line that denotes the boundary between the atmosphere and outer space? Kármán line
14%
No matching quizzes found
Score Distribution
Percent of People with Each Score
Percentile by Number Answered
Your Score History
You have not taken this quiz